| 000 | 00537nam a2200157 a 4500 | ||
|---|---|---|---|
| 008 | 120416s1982 ||||||||||||||||| || u | ||
| 020 | _a0471085103 | ||
| 050 | _aHF 5635 Hel | ||
| 100 | _aHelmkamp, John G | ||
| 245 | 1 | 0 | _aPrinciples of accounting |
| 260 |
_aNew York _bJohn Wiley and Sons _c1982 |
||
| 300 | _axx, 1113p. [46p.] : ill | ||
| 350 | _a0.00 | ||
| 700 | _aSmith, Ralph Eugene | ||
| 995 |
_D0.00 _FCBU-MAIN LIBRARY (Kitwe) _H1 _I32.35 _UDAMAGED _ZMain Library Open Access Collection |
||
| 999 |
_c54507 _d54507 |
||